Normal view
MARC view
Entry Personal Name
001 - CONTROL NUMBER
- control field: 168455
003 - CONTROL NUMBER IDENTIFIER
- control field: OSt
005 - DATE AND TIME OF LATEST TRANSACTION
- control field: 20220923225153.0
008 - FIXED-LENGTH DATA ELEMENTS
- fixed length control field: 220923|| aca||aabn | a|a d
040 ## - CATALOGING SOURCE
- Original cataloging agency: OSt
- Transcribing agency: OSt
100 ## - HEADING--PERSONAL NAME
- Personal name: किशिनचन्द, 'बेवसि'; शर्मा, देवदत्त कुुन्दाराम, अनु
670 ## - SOURCE DATA FOUND
- Source citation: Work cat.: (OSt)376513: किशिनचन्द, 'बेवसि'; शर्मा, देवदत्त कुुन्दाराम, अनु., कवि श्री माला, 1965
